00803nam a22002057a 4500001000500000005001700005020001800022040002900040050001500069082001100084100002100095245005400116250004600170260003400216300002300250505000700273520028300280521001700563521001700580258920240103141428.0 a9780545649407 aFISKHbengcFISKHdFISKH aPZ7.P27653 a813.54 aPatterson, James aI funny :bA middle school storycJames Patterson aFirst Scholastic printing, September 2013 aNew York :bScholastic,c2012 a303 pages :c20 cm aM  aResolving to become the world's greatest stand-up comedian despite less-than-funny challenges in his life, wheelchair-bound middle school student Jamie Grimm endures bullying from his mean-spirited cousin and hopes he will be fairly judged when he enters a local comedy contest. a610 bLexile aM bRaz-Plus